| 000 | 00890 a2200193 4500 | ||
|---|---|---|---|
| 003 | Nust | ||
| 005 | 20221222092355.0 | ||
| 040 | _cNust | ||
| 082 | _a330.9,KHA | ||
| 100 | _aM. Fazle Karim Khan | ||
| 245 |
_aEconomic geography / _cM. Fazle Karim Khan |
||
| 250 | _a11th ed | ||
| 260 |
_aKarachi _bSaleem Publlishing House _c1998 |
||
| 300 |
_ax, 286 p _billus _c19 cm |
||
| 505 | _aThe Field Of Economic Geography (Page-1), Environment (Page-10), Population (Page-33), Fishing (Page-54), Lumbering (Page-65), Farming (Page-74), Crops (Page-99), Minerals (Page-161), Power Resources (Page-183), Manufacturing (Page-217), Iron And Steel And High Technology Industries (Page-229), Textile Industries (Page-245), Trade And Trade Centre (Page-256), Transportation (Page-272). | ||
| 600 |
_aM. Fazle Karim Khan _9105596 |
||
| 650 |
_aEconomic geography _981030 |
||
| 942 |
_2ddc _cBK _k330.9,KHA |
||
| 999 |
_c184614 _d184614 |
||